A glimpse into ancient Thebes : excavations at South Karnak (2004-2006) /
محفوظ في:
المؤلف الرئيسي:
التنسيق: كتاب
اللغة: English
منشور في:
Oxford :
Archaeopress,
2013.
سلاسل:
BAR International Series ;
2538.
الموضوعات:
الوسوم: إضافة وسم
لا توجد وسوم, كن أول من يضع وسما على هذه التسجيلة!
رقم الطلب: DT73 .K4 S85
| LEADER | 01321nam a22003137a 4500 | ||
|---|---|---|---|
| 003 | OSt | ||
| 005 | 20251209081905.0 | ||
| 008 | 251209t2013 enkabe g b 000 0 eng d | ||
| 010 | |a 2013433883 | ||
| 020 | |a 9781407311562 | ||
| 040 | |c ARCE Library | ||
| 043 | |a f-ua--- | ||
| 050 | 1 | 4 | |a DT73 .K4 |b S85 |
| 100 | 1 | |a Sullivan, Elaine A., |e author | |
| 245 | 1 | 2 | |a A glimpse into ancient Thebes : |b excavations at South Karnak (2004-2006) / |c Elaine A. Sullivan. |
| 264 | 1 | |a Oxford : |b Archaeopress, |c 2013. | |
| 264 | 4 | |c ©2013. | |
| 300 | |a ii, 274 pages : |b illustrations, map, plans ; |c 30 cm. | ||
| 490 | 1 | |a BAR International Series ; |v 2538. | |
| 504 | |a Includes bibliographical references (pages 257-274). | ||
| 505 | 0 | |a •Introduction •The Mut Temple Precinct •Report on Excavations •Architectural Analysis of Third Intermediate Period Material •The Pottery •The Mut Temple Precinct and the Temple Economy in Thebes •Late New Kingdom Material •Conclusion. | |
| 650 | 0 | |a Excavations (Archaeology) |z Egypt |z Thebes (Extinct city). | |
| 650 | 0 | |a Excavations (Archaeology) |z Egypt |z Karnak. | |
| 651 | 0 | |a Thebes (Egypt : Extinct city) |x Antiquities. | |
| 651 | 0 | |a Karnak (Egypt) |x Antiquities. | |
| 830 | 0 | |a BAR International Series ; |v 2538. | |
| 901 | |a reviewed | ||
| 942 | |c BK |2 lcc | ||
| 999 | |c 27928 |d 27928 | ||
